00546nam a22001457a 4500003000400000005001700004008004100021040001400062100002400076245013100100260000900231300002600240500010700266504002700373OSt20171010095529.0121005t xxu||||| |||| 00| 0 eng d aMMSUcULS aRada, Teoderico D.  aFormulation studies of leadless glaze utilizing Pasaleng clay Siruma Silica and flux for earthenware body cTeoderico D. Rada  c2008 ax, 44 leaves c28 cm. aThesis (BS Ceramic Engineering) -- Mariano Marcos State University-College of Engineering, Batac City  aBibliography: leaf 27